[Event "Khanty-Mansiysk FIDE GP"]
[Site "Khanty-Mansiysk"]
[Date "2015.05.17"]
[Round "4"]
[White "Svidler, Peter"]
[Black "Karjakin, Sergey"]
[Result "1/2-1/2"]
[WhiteElo "2734"]
[BlackElo "2753"]
[Annotator "Mikhalchishin,A"]
[PlyCount "61"]
[EventDate "2015.05.14"]
[EventType "tourn"]
[EventRounds "11"]
[EventCountry "RUS"]
[EventCategory "21"]
[SourceTitle "CBM 167"]
[Source "ChessBase"]
[SourceDate "2015.07.13"]
[SourceVersion "1"]
[SourceVersionDate "2015.07.13"]
[SourceQuality "1"]

1. Nf3 {[%emt 0:00:04]} Nf6 {[%emt 0:00:12]} 2. g3 {[%emt 0:00:05]} c5 {
[%emt 0:00:27]} 3. Bg2 {[%emt 0:00:05]} Nc6 {[%emt 0:00:06]} 4. d4 {[%emt 0:00:
03]} ({Black aimed for a KID reversed.} 4. O-O e5) 4... cxd4 {[%emt 0:00:07]}
5. Nxd4 {[%emt 0:00:02]} e5 {[%emt 0:00:21]} 6. Nb3 {[%emt 0:00:03]} (6. Nxc6
dxc6 {promises absolutely nothing.}) 6... d5 {[%emt 0:00:59]} 7. Bg5 {[%emt 0:
00:11]} Be6 {[%emt 0:02:40]} 8. O-O {[%emt 0:01:18]} ({In this Grünfeld
Defence Reversed another logical option seems to be a direct attack on the
centre:} 8. Nc3 d4 9. Ne4 Be7 10. Nxf6+ gxf6 11. Bh6 Rg8 (11... Qb6 $5) 12. O-O
a5 13. Qd3 a4 14. Qb5 Bd7 15. Qxb7 Rc8 {Gutman,L (2395)-Alburt,L (2505)/Beltsy
1977, with great compensation for the pawn.}) 8... Be7 {[%emt 0:02:48]} 9. Bxf6
$6 {[%emt 0:07:03] I don't like this exchange categorically - other options
are much more logical:} (9. e3 Ne4 $5 (9... e4 10. Nc3 O-O 11. f3 exf3 12. Qxf3
Rc8) 10. Bxe7 Qxe7 11. N1d2 f5 12. f3 Nxd2 (12... Nd6) 13. Qxd2 h5 (13... O-O
14. f4 e4 15. Rfd1 $14) 14. f4 h4 15. Na5 Qd7 $6 (15... e4) 16. Nxc6 bxc6 17.
Qc3 e4 18. Rf2 Kf7 19. Rd1 c5 $2 (19... hxg3 20. hxg3 Rab8 $15) 20. g4 {
Lazic,M (2466)-Novikov,S (2554)/Monastir 2014 (21), and White is able to
attack the opponent's pawn centre.}) (9. Nc3 d4 10. Bxf6 gxf6 11. Ne4 Qb6 12.
c3 f5 13. Ned2 dxc3 14. bxc3 O-O-O 15. Qc2 h5 16. Bh3 e4 17. Nd4 Nxd4 18. cxd4+
Kb8 {Kosic,D (2538)-Erdogdu,M (2489)/Novi Sad 2009/EXT 2010 (46), with a great
position.}) 9... Bxf6 {[%emt 0:06:00]} 10. c4 $5 {[%emt 0:00:12]} ({In few
known games White tried to exchange the bishop, but without real results:} 10.
Nc5 e4 (10... Qb6 11. Nxe6 fxe6 12. c4 Qxb2 13. Nd2 O-O-O 14. cxd5 exd5 15. Rb1
Qxa2 16. Nb3 e4 17. Nc5 b6 {Sarosi,Z (2305)-Afek,Y (2510)/Kecskemet 1991, the
position is very sharp.}) 11. Nxe6 (11. Nd2 Qb6 12. Nxe6 fxe6 13. c4 Rd8 14. e3
O-O 15. cxd5 exd5 16. Rb1 Ne5 {Berezhnoy,V-Gershman,S/Kiev 1964, with a solid
central position,.}) 11... fxe6 12. c3 O-O 13. Na3 Be7 14. Nc2 Qb6 15. Rb1 Bc5
16. e3 Ne5 17. Qe2 Rf6 18. c4 Raf8 19. b4 Be7 20. cxd5 exd5 21. Nd4 Qd6 {
Vakhidov,T (2546)-Mallahi,A (2317)/Shenyang 1999, White is the only one who
can have future problems with the f-file.}) 10... dxc4 {[%emt 0:21:58]} ({
Possible, but not so effective was} 10... d4 11. Nc5 Bc8 12. b4 O-O 13. a3 Qc7
14. Nd2 Bg4) 11. Nc5 {[%emt 0:01:56]} e4 $1 {[%emt 0:00:06]} ({White would
have a slight structural advantage after} 11... Qe7 12. Nxe6 Qxe6 13. Bd5 Qe7
14. Bxc6+ bxc6 15. Nd2 Rd8 16. Qc2 O-O 17. Nxc4) 12. Nd2 {[%emt 0:15:41]} ({
Another try to fight for an opening advantage was} 12. Nc3 O-O 13. Nxe6 fxe6
14. Bxe4 Qb6 15. Rb1 Rad8 16. Qa4 Ne5 17. Qc2) 12... Bxb2 {[%emt 0:15:42]} 13.
Nxe6 {[%emt 0:00:22]} ({A different move order led to the same position:} 13.
Rb1 c3 14. Nxe6 fxe6 15. Bxe4) 13... fxe6 {[%emt 0:00:13]} 14. Rb1 {[%emt 0:00:
02]} c3 {[%emt 0:00:10]} 15. Bxe4 {[%emt 0:00:03]} Qxd2 {[%emt 0:26:59]} 16.
Qxd2 {[%emt 0:03:13]} cxd2 {[%emt 0:00:02]} 17. Rxb2 {[%emt 0:00:04]} O-O-O {
[%emt 0:00:07]} 18. Rd1 {[%emt 0:00:08]} Rd4 {[%emt 0:01:19]} 19. f3 {[%emt 0:
00:31]} ({The very slight advantage in the rook endgame was very difficult to
convert into a win:} 19. Bxc6 bxc6 20. e3 Rd7 21. Rdxd2 Rxd2 22. Rxd2 Kc7 23.
Rd4 Rb8) 19... Rhd8 {[%emt 0:16:40]} ({White would have kept a slight endgame
advantage after} 19... g6 20. Rdxd2 Rxd2 21. Rxd2 Rd8 22. Rc2 Kc7 23. Kf2 Rd4
24. h4) 20. Bxh7 $6 {[%emt 0:04:14]} ({Much more precise was} 20. Rc2 Kc7 21.
Bxh7) 20... Ne5 $1 {[%emt 0:00:09] Now the knight is free and this allows
Black to hold easily.} 21. h4 {[%emt 0:15:27]} ({White still could do better} 
21. Bc2 Nc4 22. Rb3 b5 23. Bd3 a6 24. Kf2) 21... a6 {[%emt 0:10:44]} 22. Rc2+ {
[%emt 0:16:19]} Kb8 {[%emt 0:00:03]} 23. h5 {[%emt 0:02:10]} ({Even here a
better way was} 23. Kf2 b5 24. h5 Rh8 25. Bg6) 23... Rh8 {[%emt 0:01:41]} 24.
Be4 {[%emt 0:05:52]} (24. Bg6 {was possible:} Nxg6 25. hxg6 Rh6 26. Rcxd2 (26.
e3 Rd3) 26... Rxd2 27. Rxd2 Rxg6 28. Kf2 Kc7 29. f4) 24... Rxh5 {[%emt 0:00:03]
} (24... Nc4) 25. Rcxd2 {[%emt 0:00:18]} Rxd2 {[%emt 0:00:02]} 26. Rxd2 {
[%emt 0:00:04]} Kc7 {[%emt 0:00:07]} 27. Kg2 {[%emt 0:00:15]} ({Now} 27. Rc2+
Nc6 28. Kf2 Ra5 29. g4 Kd6 {did not promise anything.}) 27... Nc4 {[%emt 0:01:
19]} 28. Rd4 {[%emt 0:03:43]} Nd6 {[%emt 0:00:30]} ({Or} 28... b5) 29. Bc2 {
[%emt 0:00:35]} Rc5 {[%emt 0:00:41]} 30. Bb3 {[%emt 0:04:00]} Kd7 {[%emt 0:00:
01]} 31. Rg4 {[%emt 0:01:20]} 1/2-1/2

[Event "EU-ch 6th"]
[Site "Warsaw"]
[Date "2005.06.28"]
[Round "10"]
[White "Andersson, Ulf"]
[Black "Lopez Martinez, Josep Manuel"]
[Result "1-0"]
[WhiteElo "2579"]
[BlackElo "2488"]
[Annotator "Mueller,Karsten"]
[PlyCount "97"]
[EventDate "2005.06.18"]
[EventType "swiss"]
[EventRounds "13"]
[EventCountry "POL"]
[SourceTitle "CBM 108"]
[Source "ChessBase"]
[SourceDate "2005.09.26"]
[SourceVersion "1"]
[SourceVersionDate "2005.09.26"]
[SourceQuality "1"]

1. Nf3 c5 2. c4 g6 3. d4 Bg7 4. e4 d6 5. d5 e6 6. Bd3 Ne7 7. Nc3 O-O 8. O-O Nd7
9. Rb1 a6 10. Bd2 exd5 11. exd5 b5 12. b3 Nf6 13. h3 b4 14. Ne2 Bf5 15. Qc2 Qd7
16. Ng3 Bxd3 17. Qxd3 Rfe8 18. Nh4 Nc8 19. Rbe1 Nb6 20. Bf4 Rxe1 21. Rxe1 Re8
22. Rxe8+ Nxe8 23. Nf3 Qe7 24. Ne4 Nd7 25. Qe3 Kf8 26. g4 Ndf6 27. Nfd2 Nxe4
28. Nxe4 Bd4 29. Qf3 Kg8 30. Kg2 Kg7 31. h4 h6 32. h5 Be5 33. hxg6 fxg6 34. Qg3
Bxf4 35. Qxf4 Qh4 36. Nxd6 Nxd6 37. Qxd6 Qxg4+ 38. Qg3 Qxg3+ 39. fxg3 Kf6 40.
g4 g5 $4 {[%mdl 16384]} ({Nach} 40... h5 {hätte Schwarz am Ende die
Pattverteidigung auf a5 gerettet:} 41. gxh5 (41. Kg3 hxg4 42. Kxg4 g5 $11)
41... gxh5 42. Kg3 Kg5 43. Kh3 Kf5 44. Kh4 Kg6 45. d6 Kf6 46. Kxh5 Ke6 47. Kg5
Kxd6 48. Kf5 Kc6 49. Ke5 Kb6 50. Kd5 Ka5 $11) 41. Kf3 Kf7 42. Ke4 Kf6 43. d6
Ke6 44. d7 Kxd7 45. Kd5 a5 46. Kxc5 Kc7 47. Kd5 Kd7 48. c5 Kc7 49. c6 (49. c6
Kd8 50. Kd6 Kc8 51. c7 h5 52. gxh5 g4 53. h6 g3 54. h7 g2 55. h8=Q+ $18) 1-0

[Event "Chigorin Memorial"]
[Site "St Petersburg"]
[Date "1995.??.??"]
[Round "4"]
[White "Umanskaya, Irina"]
[Black "Najer, Evgeniy"]
[Result "1/2-1/2"]
[WhiteElo "2300"]
[BlackElo "2455"]
[Annotator "Nikitin,A"]
[PlyCount "46"]
[EventDate "1995.09.??"]
[EventType "swiss"]
[EventRounds "9"]
[EventCountry "RUS"]
[SourceTitle "EXT 1997"]
[Source "ChessBase"]
[SourceDate "1996.11.15"]
[SourceVersion "1"]
[SourceVersionDate "1996.11.15"]
[SourceQuality "1"]

1. d4 Nf6 2. Nf3 c5 3. d5 b5 4. Bg5 g6 $6 {N/} (4... Ne4) (4... Qb6) (4... Qa5+
) 5. Bxf6 exf6 6. e4 Qe7 7. Nbd2 (7. Bxb5 Qxe4+ 8. Be2 Bb7 9. Nc3 Qb4 10. O-O
Bg7 11. a3 Qb6 12. b4 cxb4 13. axb4 $14) 7... a6 8. a4 f5 9. Qe2 $1 Bb7 10.
axb5 Bg7 11. exf5 Bxb2 12. Rb1 Bg7 13. Nc4 $16 Bxd5 14. Nb6 Bxf3 15. Qxe7+ Kxe7
16. gxf3 Ra7 17. f6+ $1 Kxf6 18. Nd5+ Kg5 19. b6 Rb7 20. f4+ Kh6 21. Rb3 (21.
c3 $1 Re8+ 22. Kd2 Bf8 23. Bg2 Nc6 24. h4 Kg7 25. h5 $16) 21... Bd4 22. Bc4 (
22. Rh3+ Kg7 23. c3 Bf6 (23... Re8+ $2 24. Be2 Bf6 25. Rxh7+ Kxh7 26. Nxf6+ Kh8
27. Nxe8 Rxb6 28. Nc7 $18) 24. Kd2 h5 25. Bc4 Re8 26. Rb1 Bd8 27. Kd3 $146)
22... a5 23. f5 (23. c3 $1 Re8+ 24. Kd2 $1 Bxf2 25. h4 $1 Nc6 26. Rbb1 $1 a4
27. Rbf1 $18) 23... a4 $16 1/2-1/2

[Event "Moscow op2"]
[Site "Moscow"]
[Date "1995.??.??"]
[Round "7"]
[White "Malaniuk, Vladimir P"]
[Black "Chekhov, Valery A"]
[Result "1-0"]
[WhiteElo "2580"]
[BlackElo "2500"]
[Annotator "Notkin,M"]
[PlyCount "119"]
[EventDate "1995.11.??"]
[EventType "swiss"]
[EventRounds "9"]
[EventCountry "RUS"]
[SourceTitle "CBM 050 Extra"]
[Source "ChessBase"]
[SourceDate "1996.03.01"]
[SourceVersion "1"]
[SourceVersionDate "1996.03.01"]
[SourceQuality "1"]

1. d4 Nf6 2. Nf3 g6 3. g3 Bg7 4. Bg2 O-O 5. O-O c5 6. d5 d6 7. Nc3 Na6 8. e4 (
8. h3 Nc7 9. a4 Rb8 10. e4 a6 11. Re1 Nd7 12. Bf4 b5 $13 {Ljubojevic,L-Ribli,Z/
Manila/1976/0:1/34/}) (8. Nd2 $5 Rb8 9. a4 e6 (9... Nc7 10. Nc4 b6 11. Re1 Ba6
12. Na3 Bb7 13. e4 a6 $13 {Kalinon,V-Rechlis,G/Thessaloniki/1988/0:1/48/}) 10.
Nc4 $6 (10. Nde4 $5) 10... exd5 11. Nxd5 Nxd5 12. Bxd5 Bh3 13. Re1 Nb4 $15 {
Georgadze,G-Khalifman,A/Minsk/1986/0:1/47/}) 8... e5 (8... Bg4 9. h3 Bxf3 10.
Qxf3 Nc7 11. a4 a6 12. Qe2 Nd7 13. Bg5 b6 14. Ra2 $1 Rb8 15. Rfa1 $14 {Garcia
Gonzales,G-Zapata,A/CUB/1986/1:0/64/}) 9. dxe6 Bxe6 10. Re1 (10. Bf4 $5 d5 11.
exd5 Nxd5 12. Nxd5 Bxd5 13. Bg5 f6 14. Be3 $14) 10... h6 $1 11. Bf4 d5 12. exd5
Nxd5 13. Nxd5 Bxd5 14. c3 (14. Qd2 g5 15. Be5 Bxf3 16. Qxd8 Raxd8 17. Bxf3 Rd7
$11) (14. Qc1 Qb6 $5) 14... g5 15. Be3 f5 $1 16. Re2 Be4 $2 (16... f4 17. gxf4
gxf4 18. Bc1 Bc6 $13) 17. Ne1 $1 Bxg2 18. Nxg2 Qc7 19. f4 $16 g4 20. Bf2 Qf7 (
20... Rad8 21. Qb3+ Kh7 22. Rae1 Rd7 23. Qc4 $16) 21. Rd2 Rae8 22. Qa4 Re7 23.
Rad1 Kh7 24. a3 h5 $6 (24... Rc8) 25. Qb5 $1 Rc8 26. Ne3 Rc6 27. Rd6 Nc7 28.
Qa4 (28. Qxb7 $2 Rxd6 29. Rxd6 Ne8) 28... Rxd6 (28... b5 $6 29. Qc2 $16) 29.
Rxd6 Ne8 30. Rd8 b6 31. Qc2 Kg6 32. Qd3 (32. Rd5 $2 Rxe3) 32... Qe6 (32... Nc7
33. Rd6+ Re6 34. Rd7 $18) 33. Rd5 Rf7 34. b4 $1 cxb4 35. axb4 Rf6 {/\Nd6/} 36.
Re5 Qd6 37. Qc2 (37. Nd5 Rf8 $1) 37... Qd7 38. Ng2 (38. Nd5 Rf7 39. c4 $5)
38... Nd6 39. Nh4+ Kh7 40. Qd3 Qc8 41. Rd5 Qe6 42. c4 Ne4 43. Bd4 $1 Rf7 44.
Bxg7 Kxg7 45. Re5 Qd6 (45... Qc8 46. Nxf5+) 46. Qxd6 Nxd6 47. c5 $18 bxc5 48.
bxc5 Nc4 49. Nxf5+ Kf6 50. Nd6 $1 Nxe5 (50... Nxd6 51. cxd6 Rd7 52. Rxh5 Rxd6
53. Rh6+ Ke7 54. Rxd6 Kxd6 55. Kf2 $18) 51. fxe5+ Kxe5 52. Nxf7+ Kd5 53. Kf2 a5
54. Ke3 Kxc5 55. Ne5 a4 56. Kd3 a3 57. Kc3 Kd5 58. Ng6 Ke4 59. Kb3 Kf3 60. Kxa3
(60. Kxa3 Kg2 61. Nf4+ Kxh2 62. Nxh5 $18) 1-0

[Event "Minsk op"]
[Site "Minsk"]
[Date "1996.??.??"]
[Round "8"]
[White "Neverov, Valeriy"]
[Black "Losev, Dmitry"]
[Result "1-0"]
[WhiteElo "2515"]
[BlackElo "2370"]
[Annotator "Notkin,M"]
[PlyCount "89"]
[EventDate "1996.??.??"]
[EventType "swiss"]
[EventRounds "9"]
[EventCountry "BLR"]
[SourceTitle "EXT 2000"]
[Source "ChessBase"]
[SourceDate "1999.11.16"]
[SourceVersion "1"]
[SourceVersionDate "1999.11.16"]
[SourceQuality "1"]

1. d4 g6 2. Nf3 Bg7 3. g3 c5 4. d5 b5 5. Bg2 d6 6. O-O Nf6 7. Re1 O-O 8. e4 Bb7
9. c4 (9. a4 a6 10. Bf1 e6 $2 11. dxe6 Nxe4 12. exf7+ Rxf7 13. Rxe4 $1 Bxe4 14.
Ng5 Qe7 15. Nc3 $1 $16 {Kharlov,A-Sorin,A/Biel/1992/1|0/37/}) 9... bxc4 10.
Nfd2 e5 $6 (10... Nfd7 $5 11. Nxc4 Ne5 12. Nba3 (12. Nxe5 $5 Bxe5 13. Qc2 Nd7
14. Bd2 $10) 12... Nbd7 13. Ne3 Ba6 14. Bf1 Qa5 $15 {Panno,O-Polgar,J/Aruba/
1992/0,5/47/}) 11. Nxc4 (11. dxe6 fxe6 12. e5 Bxg2 13. exf6 Qxf6 14. Kxg2 Qxf2+
15. Kh1 d5 $13) 11... Ne8 12. b3 (12. f4 Nd7 13. Nc3 Ba6 $1 14. Qa4 Bxc4 15.
Qxc4 f5 $13) (12. Bd2 $5) 12... f5 13. exf5 gxf5 (13... e4 14. Bb2 Bxb2 15.
Nxb2 Qf6 16. Qd2 gxf5 17. Nc3 Nd7 18. Nc4 $14) 14. Bb2 f4 (14... Nd7 15. f4 e4
16. Bxg7 Nxg7 17. Ne3 Nf6 18. Na3 $14) 15. Nc3 $6 (15. Nbd2 $5) (15. Bc3 $22
Nd7 16. Na5) 15... Nd7 16. Bh3 (16. Ne4 Nb6 (16... Ndf6 17. Ng5 $1) (16... Qe7
17. Na5 $1) 17. Ncxd6 $5 Nxd6 18. Nxc5 $44) 16... Kh8 17. Rc1 Nb6 18. Rc2 (18.
Na5 Bc8 19. Nc6 Qf6 20. Ne4 Qh6 $13) 18... Bc8 19. Bxc8 Rxc8 20. Ne4 Rc7 21. f3
Rd7 (21... fxg3 22. hxg3 Rcf7 23. Re3 $1 Qe7 24. Rh2 $14) 22. Rf2 (22. Bc3 $5)
22... Kg8 23. Bc3 Nf6 24. Ba5 (24. Ng5 $2 Nbxd5 $17) 24... Nxe4 (24... Nfxd5
25. Bxb6 (25. Rd2 Ne3 $1) 25... Nxb6 26. Ncxd6 Nc8 27. Rd2 fxg3 28. hxg3 Nxd6
29. Rxd6 Rxd6 30. Nxd6 $16) 25. Rxe4 fxg3 26. hxg3 Qb8 (26... Bh6 $5) 27. Bxb6
axb6 28. a4 Bh6 29. Rh4 Rf6 30. Rg4+ (30. Rfh2 Qf8 31. Kg2 Rdf7 $132) 30... Rg7
31. Rxg7+ Kxg7 32. Rh2 (32. Qd3 b5 33. axb5 Qxb5 34. Ra2 (34. Nxe5 $2 Qxd3 35.
Nxd3 Be3) 34... Qd7 $132) 32... b5 33. axb5 Qxb5 34. Rh4 Qd7 (34... Rg6 $5) 35.
Rg4+ Rg6 36. Rxg6+ hxg6 37. Qf1 Qe7 (37... Kf6 $10) 38. Qh3 Bg5 (38... e4 $5
39. f4 (39. fxe4 Qxe4 40. Qd7+ Kh8 $10) 39... e3 40. Qe6 (40. Kf1 Qe4 $1) 40...
Qxe6 41. dxe6 Kf6 42. Nxd6 Kxe6 43. Nc4 g5 $10) 39. Qg4 (39. Qc8 e4 $10) 39...
Kf7 40. Kf2 Ke8 $4 (40... Bh6 $5 41. Ke2 Bf8 $10) 41. Qc8+ Kf7 42. Qa6 $18 Bc1
43. Qxd6 Qb7 $2 (43... Qxd6 44. Nxd6+ Ke7 45. Ne4 $18) 44. Nxe5+ Ke8 45. Qxg6+
1-0

[Event "CRO-ch 6th"]
[Site "Pula"]
[Date "1998.01.10"]
[Round "2"]
[White "Zaja, Ivan"]
[Black "Sale, Srdjan"]
[Result "1-0"]
[WhiteElo "2450"]
[BlackElo "2415"]
[Annotator "Petursson,M"]
[PlyCount "65"]
[EventDate "1998.01.09"]
[EventType "tourn"]
[EventRounds "13"]
[EventCountry "CRO"]
[EventCategory "9"]
[SourceTitle "CBM 064"]
[Source "ChessBase"]
[SourceDate "1998.06.02"]
[SourceVersion "1"]
[SourceVersionDate "1998.06.02"]
[SourceQuality "1"]

1. d4 e6 2. e4 c5 3. d5 exd5 4. exd5 d6 5. c4 Nf6 6. h3 Be7 7. Nc3 O-O 8. Bd3
Nbd7 9. Nf3 Re8 10. O-O Nf8 11. Nh2 N6d7 12. f4 Bf6 13. Qf3 Bxc3 14. bxc3 Qa5
15. Bd2 Qa4 16. Ng4 Nb6 17. f5 f6 18. Qg3 Kf7 {[%tqu "En","Can you find a
winning move for White in this position?","Attack him on the dark squares!",
"Give Black a check!","g4h6","",15]} 19. Nh6+ gxh6 20. Bxh6 Re5 (20... Ke7 21.
Rae1+ Kd7 22. Bxf8 $18) 21. Qg7+ Ke8 22. Qxf8+ Kd7 23. Bf4 Kc7 24. Bxe5 fxe5
25. f6 Bxh3 26. Qg7+ Bd7 27. f7 Nxc4 28. Bxc4 Qxc4 29. f8=Q Rxf8 30. Rxf8 Qxc3
31. Raf1 Qd4+ 32. R1f2 Qxd5 33. Qxh7 1-0

[Event "FRA-chT Gp-A"]
[Site "France"]
[Date "2003.04.04"]
[Round "5.2"]
[White "David, Alberto"]
[Black "Delebarre, Xavier"]
[Result "1-0"]
[WhiteElo "2548"]
[BlackElo "2307"]
[Annotator "Postny,E"]
[PlyCount "71"]
[EventDate "2003.01.31"]
[EventType "team"]
[EventRounds "7"]
[EventCountry "FRA"]
[SourceTitle "CBM 095"]
[Source "ChessBase"]
[SourceDate "2003.07.25"]
[SourceVersion "1"]
[SourceVersionDate "2003.07.25"]
[SourceQuality "1"]
[WhiteTeam "Drancy"]
[BlackTeam "Bordeaux"]
[WhiteTeamCountry "FRA"]
[BlackTeamCountry "FRA"]

1. e4 c5 2. Nf3 g6 3. d4 Bg7 4. d5 d6 5. h3 {A prophylactic move. White is
preventing black's Bg4 in some cases.} Nf6 6. Nc3 O-O 7. a4 e6 ({A common
alternative is} 7... Na6) 8. Be2 exd5 9. exd5 Re8 {A rare move. More popular
is 9...Na6.} (9... Na6 10. O-O (10. Nd2 Nc7 11. Nc4 Re8 12. O-O Ne4 13. Nb5
Nxb5 14. axb5 Qh4 15. Ra4 Bd4 16. Ne3 Bxe3 17. fxe3 Bxh3 18. Rf4 Qg3 19. Qf1
Bf5 20. Bd3 Ng5 21. Bxf5 gxf5 22. Rxf5 Re5 $11 {1/2-1/2 Doroshkievich,
V-Batsanin,D/Novgorod 1997/CBM 60 (27)}) 10... Nc7 (10... Nb4 11. Bg5 h6 12.
Bh4 Bf5 13. Rc1 g5 14. Bg3 Ne4 15. Nxe4 Bxe4 $132 {1/2-1/2 Hoffman,A-Tregubov,
P/Buenos Aires 1996/EXT 98 (38)}) 11. Bf4 Re8 12. Re1 Ne4 13. Nxe4 Rxe4 14. Bg5
Bf6 15. Bc1 Bf5 $11 {1/2-1/2 Vladimirov,B-Vasiukov,E/St Petersburg 1995/CBM 50
ext (22)}) 10. O-O Nbd7 $6 {This way of development should not be recommended,
since the knight on d7 obstructs the Bc8.} ({Again preferable is} 10... Na6 {
followed by 11...Nc7 or 11...Nb4 putting an eye on white's pawn d5.}) 11. Nd2
$1 $146 {A typical and good manoeuvre. The knight is going to the ideal
outpost c4.} (11. Bf4 Ne4 $6 12. Nxe4 Rxe4 13. Bxd6 Qb6 14. Bd3 Rb4 15. Bg3
Bxb2 16. Rb1 Bc3 17. Rxb4 Qxb4 18. Qe2 $16 {1-0 Bronznik,V-Osorios Ortiz,M/
Germany 2000/CBM 75 ext (43)}) 11... h6 $6 ({Deserved serious attention} 11...
Nb6 {[%csl Rd5]} 12. Bf3 a5 {Black is weakening the b5 square, but not
allowing white to grab all the space on the queenside.}) 12. a5 $1 a6 13. Nc4
$16 Ne5 14. Nb6 Rb8 15. Bd2 ({Also good for white is} 15. f4 Ned7 16. Nc4)
15... Ned7 ({Comes into consideration} 15... Bf5 {[%cal Gf6e4]} 16. g4 Bc8 {
at least provoking some weaknesses on the white side.}) 16. Nc4 Ne5 17. Nb6
Ned7 18. Nc4 Ne5 19. Ne3 {Of course, white should avoid the repetition, the
advantage is clearly on his side.} Re7 {This is passive, but it's hard to
point out any good plan for black.} (19... b5 20. axb6 Qxb6 21. Ra2 {and black
has only managed to create himself a weaknesses.}) ({Better practical chance
for black seems to be} 19... g5 20. f4 $5 gxf4 21. Rxf4 Ng6) 20. Kh2 {White is
not in a hurry...} Ne8 ({Again} 20... g5 {could give black some counterplay.})
21. f4 Nd7 22. Bd3 Nc7 {Black's pieces are just obstructing each other. The
exchange of pieces should be recommended for black in this position, there is
just no reasonable way to do it.} 23. Qf3 Nf6 24. Na4 $6 {Inaccuracy.} (24.
Rfe1 $142 $16) 24... Nb5 ({Interesting was} 24... Qe8 {[%cal Gf6e4] trying to
make use of black's temporary pressure on the "e" file.}) 25. c3 Qxa5 $6 {
It's easy to understand black's desire to release some pressure from the
position, but this capture only makes things worse for black.} ({Again} 25...
Qe8 {can be recommended.}) 26. Nxc5 Qd8 27. Ne4 Nxe4 28. Bxe4 {[%cal Gf4f5]} f5
29. Bd3 Qe8 (29... Bd7 30. g4 $40) 30. Nc2 {White chooses the safe way of play.
} (30. g4 {looks attractive for white as well.}) 30... Bd7 31. Qf2 Qf7 $2 {
After this careless move black is losing material by force.} (31... Nc7 {
and black's position is still defensible.}) 32. c4 Nc7 33. Qb6 $1 {[%csl Gb6]
This move was probably underestimated by black.The white penetrates black's
position with great force.} Bc8 (33... Ne8 34. Rxa6 $18) 34. Rfe1 $1 (34. Qxd6
$6 Bxb2) 34... Bf8 35. Rxe7 Qxe7 36. Ba5 (36. Ba5 Ne8 37. Qa7 $18 {[%csl Rb8]})
1-0